000 00351nam a2200121Ia 4500
008 220214s9999 xx 000 0 und d
245 0 _aIndian Rubber Board Bulletin (English)
246 _aRubber Board Bulletin
260 _bRubber Board
_aKottayam
500 _aEnding Volume & Year: 3, 1954
500 _aStarting Volume & Year: 1, 1951
942 _cBJ
999 _c4202
_d4202